| 000 | 01195nam a2200289 i 4500 | ||
|---|---|---|---|
| 001 | 13952 | ||
| 003 | ES-MaACL | ||
| 005 | 20230906150711.0 | ||
| 007 | t| | ||
| 008 | 980820s1997 sp ||||1| spa d | ||
| 020 | _a84-921633-2 | ||
| 080 | _a615.851(063) | ||
| 245 | 0 | 0 |
_aPsicoterapias en el sector público _b: un marco para la integración / _cA. Fernández Liria, M. Fernández Monsalve, B. Rodríguez Vega (coordinadores). |
| 260 |
_aMadrid : _bAsociación Española de Neuropsiquiatría, _c1997. |
||
| 300 |
_a269 p. ; _c21 cm. |
||
| 490 | 1 |
_aEstudios ; _v19 |
|
| 500 | _aPonencias del XX Congreso de la Asociación Española de Neuropsiquiatría, Badajoz (Extremadura), 5-8 de marzo de 1997. | ||
| 650 | 1 | 4 |
_aPsicoterapia- _vCongresos y asambleas. _916580 |
| 700 | 1 |
_aFernández Liria, Alberto. _949873 |
|
| 700 | 1 |
_aFernández Monsalve, Mariano. _949933 |
|
| 700 | 1 |
_aRodríguez Vega, Beatriz. _998852 |
|
| 710 | 2 |
_aAsociación Española de Neuropsiquiatría. _91677 |
|
| 711 | 2 |
_aCongreso de la Asociación Española de Neuropsiquiatría ( _n20. _d1997. _cBadajoz) _9313 |
|
| 830 | 0 |
_aEstudios ; _v19 _9177349 |
|
| 852 |
_aES-MaACL _jL-21328 _bR.126356 |
||
| 999 |
_c13952 _d13952 |
||